LIBRARY ONLINE CATALOGUE

East Africa mammals : (Record no. 13012)

MARC details
000 -LEADER
fixed length control field 00714cam a22002052 4500
001 - CONTROL NUMBER
control field 0000006008
005 - DATE AND TIME OF LATEST TRANSACTION
control field 20151217155830.0
008 - FIXED-LENGTH DATA ELEMENTS--GENERAL INFORMATION
fixed length control field 070912s xx 000 0 eng d
020 ## - INTERNATIONAL STANDARD BOOK NUMBER
International Standard Book Number 0226437221 :
Terms of availability KES 3,950
040 ## - CATALOGING SOURCE
Original cataloging agency KABU
Transcribing agency KABU
100 1# - MAIN ENTRY--PERSONAL NAME
Personal name Kingdon, Jonathan.
-- 0000157353
245 10 - TITLE STATEMENT
Title East Africa mammals :
Remainder of title an atlas of evolution in Africa volume III part B (large mammals) /
Statement of responsibility, etc. Jonathan Kingdon.
260 ## - PUBLICATION, DISTRIBUTION, ETC. (IMPRINT)
Place of publication, distribution, etc. Chicago :
Name of publisher, distributor, etc. University of Chicago Press,
Date of publication, distribution, etc. 1979.
300 ## - PHYSICAL DESCRIPTION
Extent v, 436 p.
362 0# - DATES OF PUBLICATION AND/OR SEQUENTIAL DESIGNATION
Dates of publication and/or sequential designation vol. IIIB.
650 #0 - SUBJECT ADDED ENTRY--TOPICAL TERM
Topical term or geographic name as entry element Mammals
Geographic subdivision Africa, East.
General subdivision Evolution
-- Collected work.
-- 0000157354
908 ## - PUT COMMAND PARAMETER (RLIN)
Put command parameter 070912
950 ## - LOCAL HOLDINGS (RLIN)
-- 1
Holdings
Withdrawn status Lost status Source of classification or shelving scheme Not for loan Home library Current library Date acquired Total Checkouts Full call number Barcode Date last seen Price effective from Koha item type
    Library of Congress Classification   Kabarak, Main Campus Kabarak, Main Campus 17/12/2015   QL731 .E27K56 005036 17/12/2015 17/12/2015 Africana Collection